| 000 | 00383nam a22001337a 4500 | ||
|---|---|---|---|
| 020 | _a9789698237950 | ||
| 082 |
_a333.7 _bSOI |
||
| 100 | _aMuhammad Sabir, Javaid Akhtar and Khalid Rehman Hakeem (Editors) | ||
| 245 | _aSoil Science Concepts and Applications | ||
| 260 |
_aFaisalabad _bUniversity of Agriculture, _c2022 |
||
| 300 | _a288p | ||
| 563 | _aHB | ||
| 942 |
_2ddc _cBK |
||
| 999 |
_c595083 _d595083 |
||